[Event "Tatarstan-ch op"]
[Site "Kazan"]
[Date "2012.09.07"]
[Round "5"]
[White "Gerasimov, Ivan"]
[Black "Mirgazov, Rinat"]
[Result "1-0"]
[WhiteElo "2330"]
[BlackElo "2074"]
[PlyCount "91"]
[EventDate "2012.09.03"]
[EventType "swiss"]
[EventRounds "9"]
[EventCountry "RUS"]
[SourceTitle "CBM 150 Extra"]
[Source "ChessBase"]
[SourceDate "2012.10.19"]
[SourceVersion "1"]
[SourceVersionDate "2012.10.19"]
[SourceQuality "1"]

1. Nf3 Nf6 2. d4 c5 3. e3 e6 4. Bd3 Be7 5. 0-0 Nc6 6. c3 a6 7. e4 cxd4 8. cxd4 d6 9. Nc3 0-0 10. e5 dxe5 11. dxe5 Nd7 12. Qe2 Nc5 13. Bb1 Nd4 14. Nxd4 Qxd4 15. Rd1 Qh4 16. Be3 f5 17. Rd4 f4 18. Bxf4 Rxf4 19. g3 Rxd4 20. gxh4 Bd7 21. Ne4 Bb5 22. Qg4 Rad8 23. Bc2 Bc6 24. Re1 Kh8 25. f3 Bd5 26. Qh5 g6 27. Qh6 Nxe4 28. fxe4 Bxa2 29. Rf1 Kg8 30. h5 Bf8 31. Qf4 gxh5 32. Qf7+ Kh8 33. b3 Rd2 34. Qxe6 Bg7 35. Rf2 R2d7 36. Kh1 Rc7 37. Qb6 Rdc8 38. Qa5 Bb1 39. Bxb1 Rc1+ 40. Kg2 Rxb1 41. Qd5 Rg8 42. Kh3 Rc1 43. Rf3 Re8 44. e6 Rc7 45. Rf7 Rc3+ 46. Kh4 1-0

[Event "Tatarstan-ch op"]
[Site "Kazan"]
[Date "2012.09.06"]
[Round "4"]
[White "Mirgazov, Rinat"]
[Black "Mullin, Zufar"]
[Result "1-0"]
[WhiteElo "2074"]
[BlackElo "1980"]
[PlyCount "49"]
[EventDate "2012.09.03"]
[EventType "swiss"]
[EventRounds "9"]
[EventCountry "RUS"]
[SourceTitle "CBM 150 Extra"]
[Source "ChessBase"]
[SourceDate "2012.10.19"]
[SourceVersion "1"]
[SourceVersionDate "2012.10.19"]
[SourceQuality "1"]

1. d4 Nf6 2. c4 e6 3. Nc3 c5 4. d5 exd5 5. cxd5 d6 6. e4 a6 7. a4 g6 8. f4 Bg7 9. Be2 0-0 10. Nf3 Bg4 11. 0-0 Bxf3 12. Bxf3 Ne8 13. Be3 f5 14. Qc2 fxe4 15. Nxe4 Nf6 16. Ng5 Re8 17. Ra3 Nbd7 18. Ne6 Qc8 19. f5 Ne5 20. fxg6 hxg6 21. Bf4 Nxf3+ 22. Raxf3 Nxd5 23. Nxg7 Kxg7 24. Bxd6 Qe6 25. Qxc5 1-0

[Event "Tatarstan-ch op"]
[Site "Kazan"]
[Date "2012.09.05"]
[Round "3"]
[White "Ryskanov, Ildar"]
[Black "Mirgazov, Rinat"]
[Result "0-1"]
[WhiteElo "1888"]
[BlackElo "2074"]
[PlyCount "92"]
[EventDate "2012.09.03"]
[EventType "swiss"]
[EventRounds "9"]
[EventCountry "RUS"]
[SourceTitle "CBM 150 Extra"]
[Source "ChessBase"]
[SourceDate "2012.10.19"]
[SourceVersion "1"]
[SourceVersionDate "2012.10.19"]
[SourceQuality "1"]

1. e4 c6 2. d4 d5 3. e5 Bf5 4. Nf3 e6 5. Be2 Nd7 6. Nbd2 h6 7. 0-0 Ne7 8. Re1 c5 9. c3 Nc6 10. a3 Be7 11. b4 cxd4 12. cxd4 a6 13. Nb3 0-0 14. Nc5 Qc7 15. Bd3 Bxd3 16. Nxd7 Qxd7 17. Qxd3 Rfc8 18. Bd2 Bf8 19. h4 Ne7 20. h5 Rc4 21. Bc3 Rac8 22. Rec1 Qb5 23. a4 Qc6 24. Bd2 Rxc1+ 25. Bxc1 Qc4 26. Qd2 Nc6 27. Ba3 Bxb4 28. Bxb4 Nxb4 29. a5 Qb3 30. Rc1 Rxc1+ 31. Qxc1 Nc6 32. Qc5 Qb4 33. Qxb4 Nxb4 34. Nd2 Kf8 35. Nb3 Nc6 36. f4 Ke7 37. g4 g6 38. g5 gxh5 39. gxh6 Kf8 40. Nc5 Nxa5 41. Nd7+ Kg8 42. Nf6+ Kh8 43. Nxh5 Kh7 44. Nf6+ Kxh6 45. Ne8 Kg6 46. Nd6 b5 0-1

[Event "Tatarstan-ch op"]
[Site "Kazan"]
[Date "2012.09.04"]
[Round "2"]
[White "Mirgazov, Rinat"]
[Black "Nizamov, Bulat"]
[Result "0-1"]
[WhiteElo "2074"]
[BlackElo "1901"]
[PlyCount "69"]
[EventDate "2012.09.03"]
[EventType "swiss"]
[EventRounds "9"]
[EventCountry "RUS"]
[SourceTitle "CBM 150 Extra"]
[Source "ChessBase"]
[SourceDate "2012.10.19"]
[SourceVersion "1"]
[SourceVersionDate "2012.10.19"]
[SourceQuality "1"]

1. Nf3 d5 2. g3 c6 3. Bg2 Nf6 4. d3 Bg4 5. Ne5 Bf5 6. 0-0 Nbd7 7. Nf3 Bg4 8. Nbd2 e5 9. e4 dxe4 10. Nxe4 Nxe4 11. dxe4 Bc5 12. b4 Bxb4 13. Rb1 Bc5 14. Rxb7 Bb6 15. Ba3 c5 16. Qd5 Be6 17. Qc6 0-0 18. Rd1 Nb8 19. Qd6 Nc6 20. Ng5 Qxd6 21. Rxd6 Na5 22. Re7 Bxa2 23. Red7 h6 24. Nf3 Be6 25. Rxe6 fxe6 26. Nxe5 Rad8 27. Bh3 Rde8 28. c4 Nb3 29. Nc6 Rf7 30. Rd6 Rf6 31. e5 Rf3 32. Bxe6+ Kf8 33. Bb2 Bc7 34. Bd5 Bxd6 35. Nd4 0-1

[Event "Tatarstan-ch"]
[Site "Kazan"]
[Date "2011.12.15"]
[Round "2.20"]
[White "Zhukova, Kristina"]
[Black "Mirgazov, Rinat"]
[Result "0-1"]
[WhiteElo "1556"]
[BlackElo "2023"]
[PlyCount "98"]
[EventDate "2011.12.13"]
[EventType "swiss"]
[EventRounds "9"]
[EventCountry "RUS"]
[SourceTitle "EXT 2022"]
[Source "ChessBase"]
[SourceDate "2021.10.06"]
[SourceVersion "1"]
[SourceVersionDate "2021.10.06"]
[SourceQuality "1"]

1. e4 c6 2. d4 d5 3. Nc3 dxe4 4. Nxe4 Bf5 5. Ng3 Bg6 6. Nf3 Nd7 7. h4 h6 8. h5 Bh7 9. Bc4 e6 10. 0-0 Bd6 11. Re1 Bxg3 12. fxg3 Ngf6 13. Ne5 Nxe5 14. Rxe5 Bf5 15. Be2 Ne4 16. Qd3 Nd6 17. Qb3 0-0 18. Bf3 Qb6 19. Qxb6 axb6 20. c3 Nc4 21. Re1 b5 22. g4 Bd3 23. Be2 Bxe2 24. Rxe2 Rfd8 25. Bf4 b4 26. Kf2 b3 27. a3 Rd5 28. Rae1 Rb5 29. Rb1 Kf8 30. Kf3 Ke7 31. Ke4 Rd5 32. Rf2 f6 33. Re2 Kf7 34. Kf3 Re8 35. Rbe1 e5 36. Bg3 c5 37. dxc5 Red8 38. Kf2 Rxc5 39. Rb1 Rcd5 40. Kg1 Rd1+ 41. Rxd1 Rxd1+ 42. Kf2 Rb1 43. Re4 Rxb2+ 44. Kg1 Nxa3 45. Rb4 b5 46. Bf2 Rb1+ 47. Kh2 b2 48. Rb3 Nc4 49. Rxb5 Rf1 0-1

[Event "Moscow op-E"]
[Site "Moscow"]
[Date "2011.02.04"]
[Round "7.203"]
[White "Dyagilev, Viktor"]
[Black "Mirgazov, Rinat"]
[Result "1-0"]
[WhiteElo "1991"]
[BlackElo "2023"]
[PlyCount "119"]
[EventDate "2011.01.29"]
[EventType "swiss"]
[EventRounds "9"]
[EventCountry "RUS"]
[SourceTitle "EXT 2022"]
[Source "ChessBase"]
[SourceDate "2021.10.06"]
[SourceVersion "1"]
[SourceVersionDate "2021.10.06"]
[SourceQuality "1"]

1. e4 c6 2. d4 d5 3. Nc3 dxe4 4. Nxe4 Bf5 5. Ng3 Bg6 6. h4 h6 7. h5 Bh7 8. Nf3 Nd7 9. Bd3 Bxd3 10. Qxd3 e6 11. Bd2 a5 12. 0-0-0 a4 13. Rhe1 Be7 14. c4 a3 15. b3 Ngf6 16. Ne5 Nxe5 17. Rxe5 Qc7 18. Nf5 Bf8 19. Bc3 0-0-0 20. Ng3 Ng4 21. Re2 Nf6 22. Qf3 Bd6 23. Ne4 Nxe4 24. Qxe4 Rhe8 25. Qg4 Bf4+ 26. Kc2 Kb8 27. g3 Bg5 28. f4 Bf6 29. Red2 Rd7 30. Qf3 Red8 31. Qe4 Qb6 32. g4 c5 33. dxc5 Rxd2+ 34. Rxd2 Rxd2+ 35. Bxd2 Qxc5 36. Be3 Qd6 37. Qd3 Qc6 38. Bd2 Kc8 39. g5 Be7 40. b4 hxg5 41. fxg5 Qg2 42. g6 fxg6 43. Qxg6 Qe2 44. Qxg7 Bxb4 45. Qg8+ Kd7 46. Qh7+ Kc6 47. Qd3 Qh2 48. Qe4+ Kd6 49. Qf4+ Qxf4 50. Bxf4+ Ke7 51. Kb3 Bc5 52. Be5 Kf7 53. Ka4 Kg8 54. Kb5 Be3 55. Bd6 Kh7 56. Bxa3 e5 57. Bc5 Bd4 58. Bxd4 exd4 59. Kb4 Kh6 60. c5 1-0

[Event "Moscow op-E"]
[Site "Moscow"]
[Date "2011.02.01"]
[Round "4.167"]
[White "Mirgazov, Rinat"]
[Black "Paravyan, David"]
[Result "0-1"]
[WhiteElo "2023"]
[BlackElo "2104"]
[PlyCount "83"]
[EventDate "2011.01.29"]
[EventType "swiss"]
[EventRounds "9"]
[EventCountry "RUS"]
[SourceTitle "EXT 2022"]
[Source "ChessBase"]
[SourceDate "2021.10.06"]
[SourceVersion "1"]
[SourceVersionDate "2021.10.06"]
[SourceQuality "1"]

1. Nf3 Nf6 2. g3 d5 3. Bg2 c6 4. 0-0 Bf5 5. d3 e6 6. c3 Nbd7 7. Nbd2 Be7 8. Qc2 0-0 9. e4 Bg6 10. Nh4 dxe4 11. Nxg6 hxg6 12. dxe4 Ne5 13. Rd1 Qd3 14. Qxd3 Nxd3 15. Nc4 Nxc1 16. Raxc1 Rac8 17. Nd6 Bxd6 18. Rxd6 Rfd8 19. Rcd1 Rxd6 20. Rxd6 Kf8 21. c4 Ke7 22. c5 Nd7 23. b4 a5 24. a3 b6 25. f4 bxc5 26. bxc5 e5 27. Bh3 Nxc5 28. Rxg6 fxg6 29. Bxc8 exf4 30. gxf4 Nxe4 31. Ba6 Kd6 32. Bd3 Kd5 33. Kg2 Kd4 34. Bc2 Ke3 35. Ba4 c5 36. Bb3 Kd3 37. Bf7 c4 38. Bxg6 Ke3 39. Kf1 Nd2+ 40. Ke1 Nb3 41. Kd1 Kxf4 42. Kc2 0-1

[Event "Moscow op-E"]
[Site "Moscow"]
[Date "2011.01.30"]
[Round "2.151"]
[White "Mirgazov, Rinat"]
[Black "Ljamin, Vladimir"]
[Result "0-1"]
[WhiteElo "2023"]
[BlackElo "2112"]
[PlyCount "90"]
[EventDate "2011.01.29"]
[EventType "swiss"]
[EventRounds "9"]
[EventCountry "RUS"]
[SourceTitle "EXT 2022"]
[Source "ChessBase"]
[SourceDate "2021.10.06"]
[SourceVersion "1"]
[SourceVersionDate "2021.10.06"]
[SourceQuality "1"]

1. Nf3 d5 2. g3 g6 3. Bg2 Bg7 4. d3 e5 5. 0-0 Ne7 6. c3 0-0 7. Qc2 c5 8. e4 Nbc6 9. a4 h6 10. Be3 d4 11. cxd4 cxd4 12. Bd2 Be6 13. b4 Rc8 14. Qb2 f5 15. Nh4 f4 16. b5 Na5 17. Bb4 Bf7 18. Nd2 b6 19. Rac1 Rxc1 20. Rxc1 Qd7 21. Qa3 Rc8 22. Rxc8+ Nxc8 23. Nhf3 fxg3 24. hxg3 Be6 25. Bxa5 bxa5 26. Qc5 Qd6 27. Qxd6 Nxd6 28. Bf1 Nb7 29. Nc4 Bxc4 30. dxc4 Nc5 31. Nd2 h5 32. Be2 Bh6 33. Nf3 d3 34. Bd1 Bg7 35. Nd2 Kf7 36. f3 Bh6 37. Nf1 Ke6 38. Kf2 Kd6 39. Ne3 Bxe3+ 40. Kxe3 g5 41. f4 gxf4+ 42. gxf4 h4 43. f5 h3 44. Bf3 h2 45. Kd2 Ke7 0-1